[Event "Passau op 6th"]
[Site "Passau"]
[Date "1998.04.11"]
[Round "3"]
[White "Pflug, Korbinian"]
[Black "Recklingloh, Frank"]
[Result "0-1"]
[WhiteElo "1186"]
[BlackElo "1925"]
[PlyCount "83"]
[EventDate "1998.04.10"]
[EventType "swiss"]
[EventRounds "7"]
[EventCountry "GER"]
[SourceTitle "EXT 1999"]
[Source "ChessBase"]
[SourceDate "1998.11.16"]
[SourceVersion "1"]
[SourceVersionDate "1998.11.16"]
[SourceQuality "1"]

1. e4 c5 2. Nf3 d6 3. d4 cxd4 4. Nxd4 Nf6 5. Bb5+ Nbd7 6. Qf3 a6 7. Bc4 Ne5 8. Qb3 Nxc4 9. Qxc4 Nxe4 10. Nc6 Qc7 11. Qxe4 Qxc6 12. Nc3 Qxe4+ 13. Nxe4 Bf5 14. f3 d5 15. Nc3 e6 16. Kd1 Rc8 17. h4 h5 18. Be3 b5 19. a3 Rc4 20. Bd2 Bd6 21. b3 Rc6 22. Ra2 b4 23. axb4 Bxb4 24. Ne2 Bxd2 25. Kxd2 e5 26. Re1 Be6 27. f4 f6 28. f5 Bc8 29. Ra5 Rd6 30. Rf1 d4 31. Ra4 Bd7 32. Rb4 Bb5 33. Ra1 Kf7 34. Nc1 e4 35. Ke1 Re8 36. Ne2 d3 37. Nc3 d2+ 38. Kd1 e3 39. Rxb5 axb5 40. Ra7+ Kg8 41. Ne2 Re5 42. Nc3 0-1